LIBRARY & INFORMATION CENTRE, KCAET, TAVANUR

ONLINE PUBLIC ACCESS CATALOGUE (OPAC)

Simulation and systems management in crop protection / (Record no. 2676)

MARC details
000 -LEADER
fixed length control field 00580cam a2200205ua 4500
020 ## - INTERNATIONAL STANDARD BOOK NUMBER
ISBN 90 220 0899 1
041 ## - LANGUAGE CODE
Language code of text/sound track or separate title eng
082 ## - DEWEY DECIMAL CLASSIFICATION NUMBER
Classification number 633.08
Item number RAB/SI
100 ## - MAIN ENTRY--AUTHOR NAME
Personal name Rabbinge, R .
245 ## - TITLE STATEMENT
Title Simulation and systems management in crop protection /
250 ## - EDITION STATEMENT
Edition statement 1 /
260 ## - PUBLICATION, DISTRIBUTION, ETC. (IMPRINT)
Place of publication Netherland :
Name of publisher Centre for agricultural publishing and documentation ,
Year of publication 1989.
300 ## - PHYSICAL DESCRIPTION
Number of Pages 420 ; .
700 1# - ADDED ENTRY--PERSONAL NAME
Personal name Vanlaar, H H .
700 1# - ADDED ENTRY--PERSONAL NAME
Personal name Ward , S H .
942 ## - ADDED ENTRY ELEMENTS (KOHA)
Koha item type Books
Holdings
Withdrawn status Lost status Damaged status Home library Current library Date acquired Full call number Accession Number Koha item type
      KAUAET KAUAET 07/04/2012 633.08 17643 Books
free website counter